| 000 | 00434nam a22001817a 4500 | ||
|---|---|---|---|
| 005 | 20230110102237.0 | ||
| 008 | 221219b |||||||| |||| 00| 0 eng d | ||
| 020 | _a978-93168-23-8 | ||
| 041 | _aeng | ||
| 082 | _a635 KUM-I | ||
| 100 |
_aKUMAR ,N _95159 |
||
| 245 | _aINTRODUCTION TO HORTICULTURE | ||
| 250 | _a9th ed. | ||
| 260 |
_bMEDTECH SCIENCE PRESS _c2022 |
||
| 300 | _a418;P, | ||
| 650 |
_aAgriculture _92837 |
||
| 942 | _cBK | ||
| 999 |
_c8133 _d8131 |
||